Statistics for Mario Quiz

Click here to take the quiz!

General Stats

  • This quiz has been taken 3,085 times
    (3,072 since last reset)
  • The average score is 12 of 18

Answer Stats

HintAnswer% Correct
Mario's brotherLuigi
97%
Princess Mario rescuesPrincess Peach
95%
Mario's primary antagonistBowser
92%
The kingdom Mario lives inThe Mushroom Kingdom
88%
Mario's current occupationPlumber
86%
First game with Mario in itDonkey Kong
82%
First Mario game with Lumas in itSuper Mario Galaxy
71%
First Mario game with Yoshi in itSuper Mario World
70%
The Mario Kart game on Game CubeMario Kart: Double Dash
66%
Mario's (supposed) full nameMario Mario
60%
The year "Super Mario Bros" (movie) was released1993
57%
The creator of MarioShigeru Miyamoto
57%
The arcade mario gameMario Bros.
56%
Super Mario Bros: The ____ _____ (Mario game)Lost Levels
45%
Mario's actual in game age26
43%
The power up that allows Mario to turn into a statueTanooki Suit
38%
Mario voice actorCharles Martinet
35%
Mario game where Mario is the antagonistDonkey Kong Jr
33%

Score Distribution

Percentile by Number Answered

Percent of People with Each Score

Your Score History

You have not taken this quiz since the last reset